000 00961cam a2200301 i 4500
999 _c752
_d752
001 .b54463944
003 OCoLC
005 20191206111013.0
008 190720t20152013enka j 000 f eng d
020 _a9780141355481
_q(pbk.)
020 _a0141355484
_q(pbk.)
035 _a(OCoLC)904325496
_z(OCoLC)1015459414
040 _aUKBOR
_beng
_erda
_cUKBOR
_dOCLCQ
_dOCL
_dOCLCO
_dDHA
_dOCLCF
_dNTNU
042 _anbic
082 _aFIC KIN
100 1 _aKinney, Jeff,
_eauthor.
245 1 0 _aDiary of a wimpy kid :
_bhard luck /
_cby Jeff Kinney.
264 1 _a[London] :
_bPuffin Books,
_c2015.
264 4 _c©2013.
300 _a217 pages :
_billustrations ;
_c20 cm.
336 _atext
_btxt
_2rdacontent.
337 _aunmediated
_bn
_2rdamedia.
338 _avolume
_bnc
_2rdacarrier.
490 1 _aDiary of a wimpy kid ;
_vBk 8.
500 _aOriginally published: 2013.
650 0 _aHeffley, Greg (Fictitious character)
_vJuvenile fiction.
942 _2ddc
_cFIC